Position of Women in Hindu Civilization (Record no. 1754290)

MARC details
000 -LEADER
fixed length control field 00495nam a22001937a 4500
005 - DATE AND TIME OF LATEST TRANSACTION
control field 20260324121350.0
008 - FIXED-LENGTH DATA ELEMENTS--GENERAL INFORMATION
fixed length control field 260324b |||||||| |||| 00| 0 eng d
020 ## - INTERNATIONAL STANDARD BOOK NUMBER
International Standard Book Number 9788120803251
040 ## - CATALOGING SOURCE
Transcribing agency FLL
041 ## - LANGUAGE CODE
Source of code eng
Language code of text/sound track or separate title eng
084 ## - COLON CLASSIFICATION NUMBER
Classification number Y15-73(Q2),2
100 ## - MAIN ENTRY--PERSONAL NAME
Personal name Altekar, A.S
245 ## - TITLE STATEMENT
Title Position of Women in Hindu Civilization
250 ## - EDITION STATEMENT
Edition statement 2nd.
260 ## - PUBLICATION, DISTRIBUTION, ETC.
Place of publication, distribution, etc. Delhi
Name of publisher, distributor, etc. Motilal Banarsidass
Date of publication, distribution, etc. 1959
300 ## - PHYSICAL DESCRIPTION
Extent xvi,378p
650 ## - SUBJECT ADDED ENTRY--TOPICAL TERM
Topical term or geographic name entry element Women Study in I.K.S
942 ## - ADDED ENTRY ELEMENTS (KOHA)
Source of classification or shelving scheme Colon Classification (CC)
Koha item type Textbook
650 ## - SUBJECT ADDED ENTRY--TOPICAL TERM
-- 1162239
999 ## -
-- 1754290
-- 1754290
Holdings
Withdrawn status Lost status Source of classification or shelving scheme Damaged status Not for loan Home library Current library Date acquired Source of acquisition Inventory number Total checkouts Full call number Barcode Date last seen Copy number Price effective from Koha item type
    Colon Classification (CC)     Faculty of Law Library Faculty of Law Library 2025-12-18 Motilal Banarsidass 3741, 18/12/2025   Y15-73(Q2),2 J9 LL1943164 2026-03-24 1 2026-03-24 Reference
    Colon Classification (CC)     Faculty of Law Library Faculty of Law Library 2025-12-18 Motilal Banarsidass 3741, 18/12/2025   Y15-73(Q2),2 J9 LL1943165 2026-03-24 2 2026-03-24 Textbook
    Colon Classification (CC)     Faculty of Law Library Faculty of Law Library 2025-12-18 Motilal Banarsidass 3741, 18/12/2025   Y15-73(Q2),2 J9 LL1943166 2026-03-24 3 2026-03-24 Textbook
    Colon Classification (CC)     Faculty of Law Library Faculty of Law Library 2025-12-18 Motilal Banarsidass 3741, 18/12/2025   Y15-73(Q2),2 J9 LL1943167 2026-03-24 4 2026-03-24 Textbook
    Colon Classification (CC)     Faculty of Law Library Faculty of Law Library 2025-12-18 Motilal Banarsidass 3741, 18/12/2025   Y15-73(Q2),2 J9 LL1943168 2026-03-24 5 2026-03-24 Textbook
Copyright @ Delhi University Library System